000 00659nam a2200181 a 4500
001 000017688
005 20200929165208.0
008 100330s1997 dr ac 001 0 spa d
040 _aDO-SdBNP
_bspa
_cBNPHU
082 _axxxx
_bM865N
100 1 _aMarmolejos Lahoz, Pedro Pablo
_d1938-
_938529
245 1 0 _aNagua :
_bsu gente y su historia (remembranzas) /
_cPedro Pablo Marmolejos Lahoz ; prólogo Carlisle González Tapia.
260 _aSanto Domingo :
_bCantera Gráfica,
_c1997.
300 _a144 p. ;
_c21 cm.
500 _aIncluye datos biográficos del autor en la contracubierta
700 1 _aGonzález Tapia, carlisle
_epról.
_917929
049 _aBNPD
999 _c17213
_d17213